Thương lượng học

Uloženo v:
Podrobná bibliografie
Hlavní autor: Ngô Công Thành
Médium: Kniha
Jazyk:Undetermined
Vydáno: Tp. HCM Trường Đại học kinh tế Tp. HCM 1997
Témata:
Tagy: Přidat tag
Žádné tagy, Buďte první, kdo otaguje tento záznam!
Thư viện lưu trữ: Trung tâm Học liệu Trường Đại học Cần Thơ
LEADER 00566nam a2200193Ia 4500
001 CTU_21912
008 210402s9999 xx 000 0 und d
020 |b 5.000đ 
082 |a 390.08 
082 |b Th107 
100 |a Ngô Công Thành 
245 0 |a Thương lượng học 
245 0 |c Ngô Công Thành 
260 |a Tp. HCM 
260 |b Trường Đại học kinh tế Tp. HCM 
260 |c 1997 
650 |a manners and customs 
904 |i Nguyễn Quang Điền, 980220 
980 |a Trung tâm Học liệu Trường Đại học Cần Thơ